Least Guessed Countries (When the Map is Blank) - Statistics

General Stats
  • This quiz has been taken 896 times
    548 since last reset
  • The average score is 36 of 50
Answer Stats
Percent Country % Correct
61% Saint Kitts and Nevis
88%
61% Saint Lucia
87%
57% Saint Vincent and the Grenadines
86%
58% Tuvalu
86%
58% Marshall Islands
84%
55% Nauru
83%
55% São Tomé and Príncipe
83%
59% Solomon Islands
83%
60% Tonga
83%
70% Fiji
82%
57% Palau
82%
57% Comoros
81%
58% Kiribati
81%
59% Samoa
81%
58% Vanuatu
81%
60% Cape Verde
80%
62% Seychelles
80%
56% Grenada
79%
61% Brunei
78%
62% Mauritius
78%
61% Micronesia
78%
59% Antigua and Barbuda
77%
67% Eswatini
76%
70% Togo
76%
64% Trinidad and Tobago
76%
64% Barbados
75%
59% Timor-Leste
75%
62% Guinea-Bissau
74%
65% Bahrain
73%
64% Djibouti
73%
61% Burundi
72%
62% Equatorial Guinea
72%
65% Maldives
72%
67% Benin
71%
65% Gambia
71%
70% Rwanda
68%
69% San Marino
67%
67% Kuwait
64%
68% Eritrea
63%
64% Burkina Faso
61%
70% Kyrgyzstan
61%
66% Malawi
61%
63% Sierra Leone
61%
70% Tajikistan
61%
70% Singapore
59%
64% Gabon
58%
68% Liberia
57%
68% Mauritania
51%
70% Senegal
51%
70% Mozambique
30%
No matching quizzes found
Score Distribution
Percent of People with Each Score
Percentile by Number Answered
Your Score History
You have not taken this quiz since the last reset